000 00537nam a22001937a 4500
003 OSt
005 20240221162428.0
008 231017b |||||||| |||| 00| 0 eng d
020 _a81-264-1559-2
040 _cSBCL
082 _a894.81208 SAD-A
_b142223
100 _aSadasivan,M.P
245 _aAjayyamaya Atmachaitanyam
250 _aSecond
260 _aKottayam
_bD C Books
_c2022
300 _a172p.
650 _2Literature & rhetoric
_aLiteratures of other languages
_vAltaic, Uralic, Hyperborean & Dravidian
942 _cBOOK
999 _c135969
_d135969